The noble scholar, jurist, historian


 His Excellency Dr. Abdul Wahhab bin Ibrahim Abu Sulaiman, may Allah have mercy on him.


 He was born in Umm Al-Qura in the year 1356 AH.

أصول الفقه الإسلامي / (Record no. 3103)

MARC details
000 -LEADER
fixed length control field 02506cam a2200325 i 4500
003 - CONTROL NUMBER IDENTIFIER
control field SA-RiAUC
005 - DATE AND TIME OF LATEST TRANSACTION
control field 20241208083559.0
008 - FIXED-LENGTH DATA ELEMENTS--GENERAL INFORMATION
fixed length control field 241203s2002 su g 00000 ara c
024 0# - OTHER STANDARD IDENTIFIER
Standard number or code 00000000979573
040 ## - CATALOGING SOURCE
Original cataloging agency SA-RiAUC
Language of cataloging ara
Transcribing agency SA-RiAUC
Modifying agency AE-DuMBRL
Description conventions rda
050 #4 - LIBRARY OF CONGRESS CALL NUMBER
Item number A38 2002
082 04 - DEWEY DECIMAL CLASSIFICATION NUMBER
Classification number 251
Assigning agency SA-RiAUC
090 ## - LOCALLY ASSIGNED LC-TYPE CALL NUMBER (OCLC); LOCAL CALL NUMBER (RLIN)
Classification number (OCLC) (R) ; Classification number, CALL (RLIN) (NR) 251
Local cutter number (OCLC) ; Book number/undivided call number, CALL (RLIN) ح ن ب
100 1# - MAIN ENTRY--PERSONAL NAME
Personal name الحنبلي، شاكر،
Dates associated with a name 1876-1958
Relator term مؤلف.
245 10 - TITLE STATEMENT
Title أصول الفقه الإسلامي /
Statement of responsibility, etc. تأليف شاكر الحنبلي ؛ قدم له عبد القادر المغربي، بهجة البيطار ؛ اعتنى به رفعت ناصر السحاب.
250 ## - EDITION STATEMENT
Edition statement الطبعة الأولى.
264 #1 - PRODUCTION, PUBLICATION, DISTRIBUTION, MANUFACTURE, AND COPYRIGHT NOTICE
Place of production, publication, distribution, manufacture مكة المكرمة :
Name of producer, publisher, distributor, manufacturer المكتبة المكية،
Date of production, publication, distribution, manufacture, or copyright notice 2002.
300 ## - PHYSICAL DESCRIPTION
Extent 419 صفحة ؛
Dimensions 24 سم
336 ## - CONTENT TYPE
Content type term نص
Content type code txt
Source rdacontent
Materials specified كتاب
337 ## - MEDIA TYPE
Media type term بدون وسيط
Media type code n
Source rdamedia
338 ## - CARRIER TYPE
Carrier type term مجلد
Carrier type code nc
Source rdacarrier
520 ## - SUMMARY, ETC.
Summary, etc. يتناول كتاب (أصول الفقه الإسلامي) والذي قام بتأليفه شاكر بك الحنبلي، موضوع (أصول الفقه) الكتاب في أصول الفقه، حيث أنه من المعلوم أن مصادر الأحكام في دين الإسلام أربعة: القرآن والسنة والاجماع والقياس. وإن إمعان النظر في هذه المصادر بقصد استخراج الأحكام الشرعية منها لا يتسنى لكل واحد، وإنما يتسنى للصحيح في نظره، الدقيق في فهمه، العالم بقوانين لغته بشرط أن يجمع إلى هذا كله التثبت في فهم القرآن والسنة، ومعرفة أسباب التنزيل وأسرار التشريع. وهذا الكتاب الذي نحن بصدده الغرض منه تسهيل تحصيل ها العلم على الطلاب، كذلك إظهار عبقرية الإسلام بما وضعه أعاظم علمائه من قواعد مبتكرة في استنباط الأحكام الشرعية.
650 #7 - SUBJECT ADDED ENTRY--TOPICAL TERM
Topical term or geographic name entry element أصول الفقه الإسلامي
Source of heading or term aucsh
700 1# - ADDED ENTRY--PERSONAL NAME
Personal name السحاب، رفعت ناصر
Relator term مراجع.
700 1# - ADDED ENTRY--PERSONAL NAME
Personal name المغربي، عبد القادر بن مصطفى،
Dates associated with a name 1868-1956
Relator term مقدم.
700 1# - ADDED ENTRY--PERSONAL NAME
Personal name البيطار، بهجة
Relator term مقدم.
942 ## - ADDED ENTRY ELEMENTS (KOHA)
Source of classification or shelving scheme Dewey Decimal Classification
Koha item type Books
Suppress in OPAC No
949 ## - LOCAL PROCESSING INFORMATION (OCLC)
a SA-JeALM
d 241203
u mohamedma123
n 1
Holdings
Withdrawn status Lost status Source of classification or shelving scheme Damaged status Not for loan Home library Current library Date acquired Total checkouts Full call number Barcode Date last seen Price effective from Koha item type
    Dewey Decimal Classification     DR AbdElwahab Library DR AbdElwahab Library 12/08/2024   251 ح ن ب 000004875 12/08/2024 12/08/2024 Books
    Dewey Decimal Classification     DR AbdElwahab Library DR AbdElwahab Library 04/20/2025   251 ح ن ب 000012027 04/20/2025 04/20/2025 Books